Cargando...

Samanthavad se poonjivad mein sankraman: ek dilchasya aur jambheer bhahas

Detalles Bibliográficos
Autor Principal: Hilton Rodney (ed.)
Formato: Printed Book
Publicado: New Delhi Grantha shilpi 2007
Subjects:
LEADER 00646nam a22001691a 4500
020 |a 9788179170380  |c 0.00 
040 |a SSUS - Library - Kalady 
082 |a H 330.122  |b HIL/S 
100 |a Hilton Rodney (ed.) 
245 |a Samanthavad se poonjivad mein sankraman: ek dilchasya aur jambheer bhahas  |h [Text] 
260 |a New Delhi  |b Grantha shilpi  |c 2007 
300 |a 212p. 
600 |a Capitalism 
852 |h H 330.122  |i HIL/S  |p 058643  |9 375.00  |t 0 
942 |c BK 
999 |c 39613  |d 39613 
952 |0 0  |1 0  |4 0  |6 H_330_122000000000000_HIL_S  |7 0  |9 57351  |a SSUS  |b SSUS  |c STACKS  |d 2015-01-08  |g 375.00  |l 1  |m 1  |o H 330.122 HIL/S  |p 058643  |r 2017-10-19  |s 2017-08-10  |v 0.00  |w 2015-01-08  |y BK